000 01455cam a2200301 4500
008 090401t1992 xxu||||| |||| 00| 0 eng d
020 _a0854065725
035 _a(Sirsi) u57273
041 _aeng
050 _a333.7
110 _aSociety of Property Researchers
_923
245 4 _aThe response of the property industry to environmental change: papers presented at a series of technical seminars held by the Society of Property Researchers and the Royal Institution of Chartered Surveyors in Spring 1992.
260 _aLondon
_bRICS
_c1992
300 _a38p. ; 30cm.
350 _a7.95
520 _aPapers:- Overview of environmental issues facing the property industry, by ANDREW LEES - Environmental legislation and regulations affecting the property market, by MALCOLM GRANT - The greening of the planning system, by JOHN ZETTER - The current response and attitudes of the property development industry, by CARLO PICARDI - The construction professionals perceptions and demands, by RICHARD LORCH - Future developments and the role of research, by YVONNE RYDIN.
650 _aBREEAM
650 _aBUILDING INDUSTRY
650 _aEnvironment
_96238
650 _aENVIRONMENTAL ISSUES
650 _aPLANNING SYSTEM
650 _aPROPERTY DEVELOPMENT
650 _aPROPERTY INDUSTRY
690 _aENVIRONMENTAL AND LAND CONSULTANCY
710 _aRoyal Institution of Chartered Surveyors
_94900
942 _n0
948 _c04/03/1997
999 _c93919
_d93919